Cuestiones prácticas de derecho civil moderno /

Bibliographic Details
Main Author: Gabba, C. F. (Carlo Francesco), 1838-1920 (Author)
Other Authors: Agurto Gonzáles, Carlos Antonio (Editor), Quequejana Mamani, Sonia Lidia (Editor), Choque Cuenca, Benigno (Editor), Posada, Adolfo, 1860-1944 (Translator)
Format: Electronic eBook
Language:Spanish
Published: Santiago, Chile : Ediciones Olejnik, [2023]
Series:Biblioteca de derecho civil.
Subjects:
Online Access:Digitalia Hispánica

MARC

LEADER 00000nam a2200000Ii 4500
001 DIGOLEJNK1405
003 NyNyDIG
006 m o d
007 cr |||||||||||
008 251105s2023 cl o 000 0 spa d
035 |a (OCoLC)1527631504 
040 |a DGITA  |b eng  |e rda  |e pn  |c DGITA 
020 |z 9789564073446 
043 |a e-it--- 
050 1 4 |a KKH500 ebook 
100 1 |a Gabba, C. F.  |q (Carlo Francesco),  |d 1838-1920,  |e author. 
245 1 0 |a Cuestiones prácticas de derecho civil moderno /  |c Carlo F. Gabba ; edición al cuidado de Carlos Antonio Agurto Gonzáles, Sonia Lidia Quequejana Mamani, Benigno Choque Cuenca ; traducción de Adolfo Posada. 
264 1 |a Santiago, Chile :  |b Ediciones Olejnik,  |c [2023] 
300 |a 1 online resource. 
336 |a text  |b txt  |2 rdacontent 
337 |a computer  |b c  |2 rdamedia 
338 |a online resource  |b cr  |2 rdacarrier 
347 |a text file  |2 rdaft 
347 |b PDF 
490 1 |a Biblioteca de derecho civil 
588 0 |a Online resource; title from PDF title page (Digitalia, viewed November 5, 2025) 
650 0 |a Civil law  |z Italy. 
700 1 |a Agurto Gonzáles, Carlos Antonio,  |e editor. 
700 1 |a Quequejana Mamani, Sonia Lidia,  |e editor. 
700 1 |a Choque Cuenca, Benigno,  |e editor. 
700 1 |a Posada, Adolfo,  |d 1860-1944,  |e translator.  
791 2 |a Digitalia (Firm),  |e distributor. 
793 0 |g Digitalia eBook Collection:  |a Ediciones Olejnik 
776 0 8 |i Print version:  |a Gabba, C. F. (Carlo Francesco), 1838-1920.  |t Cuestiones prácticas de derecho civil moderno.  |b Primera edición en Ediciones Olejnik.  |d Santiago, Chile : Ediciones Olejnik, 2023  |z 9789564073446 
830 0 |a Biblioteca de derecho civil. 
856 4 0 |3 Digitalia Hispánica  |u https://www.digitaliapublishing.com/a/157919/ 
910 |a Premium collection: 2025